Akibat kepalsuan hidup / (Record no. 119445)

MARC details
000 -LEADER
fixed length control field 00771nam a2200265 i 4500
001 - CONTROL NUMBER
control field C2-0318485
003 - CONTROL NUMBER IDENTIFIER
control field PPAK
005 - DATE AND TIME OF LATEST TRANSACTION
control field 20210613122628.0
008 - FIXED-LENGTH DATA ELEMENTS--GENERAL INFORMATION
fixed length control field 121009s2012 my g | 0 may d
020 ## - INTERNATIONAL STANDARD BOOK NUMBER
International Standard Book Number 9789675450587
Qualifying information paperback
040 ## - CATALOGING SOURCE
Original cataloging agency PPAK
Language of cataloging eng
Transcribing agency PPAK
Description conventions rda
082 04 - DEWEY DECIMAL CLASSIFICATION NUMBER
Classification number 297.18
Edition number 23
090 00 - LOCALLY ASSIGNED LC-TYPE CALL NUMBER (OCLC); LOCAL CALL NUMBER (RLIN)
Classification number (OCLC) (R) ; Classification number, CALL (RLIN) (NR) 297.18
Feature heading AMM
Feature heading G
100 0# - MAIN ENTRY--PERSONAL NAME
Personal name Ammar Khalis,
Relator term author.
245 10 - TITLE STATEMENT
Title Akibat kepalsuan hidup /
Statement of responsibility, etc. Ammar Khalis
264 #1 - PRODUCTION, PUBLICATION, DISTRIBUTION, MANUFACTURE, AND COPYRIGHT NOTICE
Place of production, publication, distribution, manufacture Pasir Mas, Kelantan :
Name of producer, publisher, distributor, manufacturer Pustaka Sukses,
Date of production, publication, distribution, manufacture, or copyright notice 2012
300 ## - PHYSICAL DESCRIPTION
Extent 140 pages :
Dimensions 21 cm
336 ## - CONTENT TYPE
Source rdacontent
Content type term text
337 ## - MEDIA TYPE
Source rdamedia
Media type term unmediated
338 ## - CARRIER TYPE
Source rdacarrier
Carrier type term volume
490 1# - SERIES STATEMENT
Series statement Siri kisah kecemerlangan akhlak
650 10 - SUBJECT ADDED ENTRY--TOPICAL TERM
Topical term or geographic name entry element Islamic stories, Malay.
830 #0 - SERIES ADDED ENTRY--UNIFORM TITLE
Uniform title Siri kisah kecemerlangan akhlak
942 ## - ADDED ENTRY ELEMENTS (KOHA)
Koha item type Book
Source of classification or shelving scheme Dewey Decimal Classification
Holdings
Withdrawn Not for loan Current library Shelving location Date acquired Full call number Barcode Date last seen Koha item type Total Checkouts Date last checked out
    Perpustakaan Alor Setar Pinjaman Dewasa 09/10/2012 297.18 AMM A01387238 09/05/2018 Book    
    Perpustakaan Alor Setar Pinjaman Dewasa 09/10/2012 297.18 AMM A01387239 14/09/2021 Book 1 07/09/2021
    Perpustakaan Awam Sungai Petani Pinjaman Dewasa 07/03/2013 297.18 AMM A01420953 09/05/2018 Book    
    Perpustakaan Jitra Pinjaman Dewasa 27/04/2014 297.18 AMM A01447650 09/05/2018 Book    
    Perpustakaan Kulim Pinjaman Dewasa 27/04/2014 297.18 AMM A01447651 15/06/2024 Book 3 28/05/2024